000 01251nam2a22002531 4500
001 rc\718661
005 20250803040518.0
010 _a5-88132-334-3
_bПолярис
_910000
035 _a(NLR Aleph) 005962010
090 _a6859371
_c6859371
100 _a20031121d1997 |||y0rusy50 ca
101 0 _arus
102 _aRU
105 _aa |||||||||
200 1 _aПосле победы
_e[Роман-фэнтези, напис. по сценарию, под рук. и при участии Р. Желязны
_fПер. Н. Ибрагимовой]
210 _cСекачев
_d1997
215 _a374, [1] с.
_cил.
327 0 _aВ содерж. авт.: Р. Желязны, М.А. Стакпол, Д. Дрейк и др.
461 0 _1001rc\185077
_12001#$aМиры Роджера Желязны$e[Собр. фантаст. произведений$eПер. с англ.]$vТ. 29
_1700#1$aЖелязны$bР.$gРоджер$f1937-1995
_96477099
_aЖелязны, Р. (1937-1995)
_cМ.
_d1995-
_nПолярис
_o[Собр. фантаст. произведений : Пер. с англ.]
_tМиры Роджера Желязны
_vТ. 29
801 0 _aRU
_bNLR
_gpsbo
801 1 _aRU
_bELAR
_2rusmarc
852 _aNLR
_j95-3/2234
942 _cBOOK
980 _aNB